[Event "Autunno Scacchistico Magistrale"]
[Site "Venezia ITA"]
[Date "2006.11.03"]
[Round "1"]
[White "Redo, Giorgio"]
[Black "Bonafede, Alessandro"]
[Result "1/2-1/2"]
[WhiteElo "2048"]
[BlackElo "2205"]
[PlyCount "120"]
[EventDate "2006.11.03"]

1. f4 c5 2. Nf3 Nc6 3. e3 d5 4. Bb5 Nf6 5. Bxc6+ bxc6 6. O-O Ba6 7. d3 e6 8.
Ne5 Bd6 9. Nd2 Qc7 10. Ndf3 O-O 11. b3 Nd7 12. Bb2 f6 13. Nxd7 Qxd7 14. Qe1 Qe7
15. c4 Rab8 16. Bc3 Rbe8 17. Qh4 e5 18. fxe5 fxe5 19. Qxe7 Rxe7 20. e4 Bc8 21.
h3 g6 22. Rae1 d4 23. Bd2 Kg7 24. Bg5 Ref7 25. Kh2 h6 26. Bh4 g5 27. Bg3 g4 28.
Nd2 Kg6 29. Rxf7 Rxf7 30. Rf1 Rxf1 31. Nxf1 Kg5 32. h4+ Kf6 33. Be1 Be7 34. Bd2
Kg6 35. g3 h5 36. Ba5 Kf6 37. Kg2 Ke6 38. Bc7 Bd6 39. Ba5 Kd7 40. Kf2 Bf8 41.
Bd2 Kc7 42. Bg5 Kd7 43. Ke2 Be7 44. Bh6 Bd8 45. Kd1 Be7 46. Kc2 Bd8 47. Bd2 Kd6
48. Kb2 Kc7 49. Ka3 Kb6 50. Ka4 Kc7 51. Ba5+ Kd7 52. Bxd8 Kxd8 53. b4 Kc7 54.
Ka5 cxb4 55. Kxb4 Kb6 56. c5+ Kb7 57. Nd2 Be6 58. a4 Ka6 59. Ka3 Ka5 60. Nb1
Bf7 1/2-1/2

[Event "Autunno Scacchistico Magistrale"]
[Site "Venezia ITA"]
[Date "2006.11.03"]
[Round "1"]
[White "Rorato, Renzo"]
[Black "Dragojlovic, Andjelko"]
[Result "0-1"]
[WhiteElo "2100"]
[BlackElo "2383"]
[PlyCount "68"]
[EventDate "2006.11.03"]

1. Nf3 g6 2. c4 Bg7 3. d4 Nf6 4. Nc3 d5 5. cxd5 Nxd5 6. g3 O-O 7. Bg2 c5 8. O-O
Nc6 9. Nxd5 Qxd5 10. Ne5 Qxd4 11. Nxc6 bxc6 12. Qxd4 cxd4 13. Bxc6 Rb8 14. Be4
Bh3 15. Re1 Rfc8 16. Rb1 e5 17. f3 Be6 18. b3 f5 19. Bd3 Bd5 20. e4 Rc3 21. Bf1
fxe4 22. fxe4 Be6 23. Ba3 Bf8 24. Bxf8 Kxf8 25. b4 Bxa2 26. Ra1 Rc2 27. Re2 Bb3
28. Rxa7 d3 29. Re3 d2 30. Rf3+ Ke8 31. Be2 Rc1+ 32. Kf2 Rxb4 33. Rxh7 d1=Q 34.
Bxd1 Bxd1 0-1

[Event "Autunno Scacchistico Magistrale"]
[Site "Venezia ITA"]
[Date "2006.11.03"]
[Round "1"]
[White "Velluti, Alberto"]
[Black "Xia, Jie"]
[Result "0-1"]
[WhiteElo "2007"]
[BlackElo "2153"]
[PlyCount "76"]
[EventDate "2006.11.03"]

1. e4 c5 2. Nf3 d6 3. d4 cxd4 4. Nxd4 Nf6 5. Nc3 g6 6. f4 Nc6 7. Be3 Bd7 8. Be2
Bg7 9. O-O O-O 10. Bf3 Qc8 11. Nxc6 bxc6 12. Bd4 Rb8 13. Rb1 c5 14. Bxf6 Bxf6
15. Nd5 Be6 16. Nxf6+ exf6 17. b3 Rb6 18. Qe1 f5 19. e5 d5 20. Rd1 Rd8 21. Qh4
Rb8 22. Be2 Rd7 23. Rd3 Qd8 24. Qh6 Qf8 25. Qh4 Qe7 26. Qh6 f6 27. Re3 c4 28.
exf6 Qxf6 29. Rd1 Bf7 30. bxc4 Qb6 31. Qh3 Re7 32. Kf2 Rbe8 33. Rdd3 dxc4 34.
Rc3 Qd4 35. Qg3 Re4 36. h4 Rxf4+ 37. Kg1 Rfe4 38. Kf2 f4 0-1

[Event "Autunno Scacchistico Magistrale"]
[Site "Venezia ITA"]
[Date "2006.11.03"]
[Round "1"]
[White "You Zi Chih, Stefano"]
[Black "Novelli, Cristiano"]
[Result "1/2-1/2"]
[WhiteElo "1998"]
[BlackElo "2117"]
[PlyCount "95"]
[EventDate "2006.11.03"]

1. e4 e5 2. Nf3 Nc6 3. Nc3 Nf6 4. Bb5 Bb4 5. O-O O-O 6. d3 d6 7. Bg5 Bxc3 8.
bxc3 Qe7 9. Re1 Nd8 10. d4 Ne6 11. Bc1 c6 12. Bf1 Qc7 13. g3 Bd7 14. a4 Rfe8
15. Bg2 Rad8 16. Nh4 Nf8 17. Bg5 Bg4 18. f3 Bc8 19. f4 Ng6 20. Nf3 Kh8 21. f5
Ne7 22. h4 Neg8 23. h5 h6 24. Bh4 Rd7 25. Nd2 c5 26. d5 Nh7 27. Bf1 a6 28. a5
f6 29. Nf3 Ng5 30. Nh2 Rdd8 31. Bc4 Qf7 32. Kg2 Ne7 33. Bxg5 hxg5 34. Ng4 Ng8
35. h6 gxh6 36. Rh1 Kg7 37. Qe2 h5 38. Ne3 Ne7 39. Rxh5 Rh8 40. Rah1 Rxh5 41.
Qxh5 Qxh5 42. Rxh5 Rh8 43. Rxh8 Kxh8 44. Bb3 Bd7 45. Nc4 Nc8 46. Nb2 b5 47. c4
Na7 48. Kf3 1/2-1/2

[Event "Autunno Scacchistico Magistrale"]
[Site "Venezia ITA"]
[Date "2006.11.04"]
[Round "2"]
[White "Bonafede, Alessandro"]
[Black "Di Lascio, Savino"]
[Result "1-0"]
[WhiteElo "2205"]
[BlackElo "2030"]
[PlyCount "109"]
[EventDate "2006.11.03"]

1. e4 c6 2. d4 d5 3. Nc3 dxe4 4. Nxe4 Nf6 5. Nxf6+ gxf6 6. Qd3 Qd5 7. c4 Qf5 8.
Qb3 Qe4+ 9. Ne2 h5 10. Be3 Bh6 11. Ng3 Qh4 12. O-O-O Bxe3+ 13. Qxe3 Qg5 14. f4
Qa5 15. Bd3 Bg4 16. Rde1 Qd8 17. h3 Be6 18. f5 Bc8 19. Ne4 Kf8 20. g4 Na6 21.
g5 Bxf5 22. gxf6 exf6 23. Rhf1 Bxe4 24. Qxe4 Nc7 25. Qh4 f5 26. Qf4 Ne6 27.
Qxf5 Qg5+ 28. Qxg5 Nxg5 29. h4 Nh7 30. Re5 Rd8 31. Rxh5 Rxd4 32. Kc2 Rg4 33.
Rxh7 Rxh7 34. Bxh7 Rxc4+ 35. Kb3 Rg4 36. Bf5 Rxh4 37. Bg6 Rh3+ 38. Kb4 Rh4+ 39.
Kc5 b6+ 40. Kxc6 Rc4+ 41. Kb7 Ke7 42. Rxf7+ Kd6 43. Rf6+ Kd7 44. Bf5+ Ke7 45.
Re6+ Kd8 46. Re4 Rc7+ 47. Ka6 Rf7 48. Rd4+ Kc7 49. Rd7+ Rxd7 50. Bxd7 Kxd7 51.
Kxa7 Kc6 52. Ka6 Kc5 53. a3 b5 54. b4+ Kc4 55. Kb6 1-0

[Event "Autunno Scacchistico Magistrale"]
[Site "Venezia ITA"]
[Date "2006.11.04"]
[Round "2"]
[White "Coratella, Giuseppe"]
[Black "Quaranta, Cristiano"]
[Result "1-0"]
[WhiteElo "2224"]
[BlackElo "2086"]
[PlyCount "49"]
[EventDate "2006.11.03"]

1. e4 c5 2. Nf3 d6 3. d4 cxd4 4. Nxd4 Nf6 5. Nc3 a6 6. Be3 e6 7. g4 b5 8. g5
Nfd7 9. f4 Be7 10. h4 Bb7 11. Bd3 Nc5 12. Qf3 Nbd7 13. O-O-O b4 14. Nce2 Nxd3+
15. cxd3 Nc5 16. Kb1 a5 17. Ng3 Qd7 18. Nh5 Rg8 19. Ng3 Ba6 20. Bf2 Rb8 21. f5
e5 22. Nde2 Qb7 23. f6 gxf6 24. gxf6 Bxf6 25. Bxc5 1-0

[Event "Autunno Scacchistico Magistrale"]
[Site "Venezia ITA"]
[Date "2006.11.04"]
[Round "2"]
[White "Del Monaco, Andrea"]
[Black "Blagojevic, Dragisa"]
[Result "0-1"]
[WhiteElo "2248"]
[BlackElo "2534"]
[PlyCount "44"]
[EventDate "2006.11.03"]

1. e4 e5 2. Nf3 Nc6 3. Bc4 Nf6 4. d4 exd4 5. e5 Ne4 6. Bd5 Nc5 7. O-O Be7 8.
Re1 Ne6 9. Nbd2 d6 10. Bxc6+ bxc6 11. Nc4 c5 12. c3 dxc3 13. bxc3 O-O 14. exd6
cxd6 15. Qd5 Rb8 16. Rd1 Bb7 17. Qh5 d5 18. Ne3 g6 19. Qh6 d4 20. Qh3 Nf4 21.
Qg4 Ne2+ 22. Kh1 Bc8 0-1

[Event "Autunno Scacchistico Magistrale"]
[Site "Venezia ITA"]
[Date "2006.11.04"]
[Round "2"]
[White "Dragojlovic, Andjelko"]
[Black "Cereda, Loris"]
[Result "1-0"]
[WhiteElo "2383"]
[BlackElo "2056"]
[PlyCount "73"]
[EventDate "2006.11.03"]

1. e4 e5 2. Nc3 Nc6 3. Bc4 Nf6 4. d3 Bb4 5. Bg5 h6 6. Bxf6 Bxc3+ 7. bxc3 Qxf6
8. Ne2 g5 9. d4 d6 10. Qd2 a6 11. a4 h5 12. O-O h4 13. f3 Ne7 14. f4 exf4 15.
Nxf4 gxf4 16. Rxf4 Qg5 17. Bxf7+ Kd8 18. Bc4 Qh6 19. Qf2 Ng6 20. Rf6 Qg5 21.
Rf1 h3 22. g3 Bd7 23. Bf7 Ne7 24. Bb3 Ng6 25. e5 dxe5 26. dxe5 Nxe5 27. Rd1 Re8
28. Be6 Qh5 29. g4 Qh8 30. Bxd7 Nxd7 31. Rf7 Re7 32. Rf8+ Qxf8 33. Qxf8+ Re8
34. Qg7 Re7 35. Qg8+ Re8 36. Qd5 Re7 37. Qxb7 1-0

[Event "Autunno Scacchistico Magistrale"]
[Site "Venezia ITA"]
[Date "2006.11.04"]
[Round "2"]
[White "Drasko, Milan"]
[Black "Molina, Fabrizio"]
[Result "1-0"]
[WhiteElo "2547"]
[BlackElo "2276"]
[PlyCount "61"]
[EventDate "2006.11.03"]

1. d4 d5 2. c4 e6 3. Nc3 c5 4. cxd5 exd5 5. Nf3 Nc6 6. g3 c4 7. Bg2 Bb4 8. O-O
Nge7 9. a3 Ba5 10. b4 cxb3 11. Qxb3 O-O 12. Rd1 Qb6 13. Qxb6 axb6 14. Nb5 Bf5
15. Bf4 Rfd8 16. Rac1 f6 17. h4 Rd7 18. Nh2 h5 19. Nf1 Rad8 20. Ne3 Bg4 21. Kf1
Ng6 22. Bc7 Re8 23. Nxg4 hxg4 24. Nd6 Rxc7 25. Nxe8 Rd7 26. Nc7 Rxc7 27. Bxd5+
Kh7 28. h5 Nge7 29. Be6 b5 30. d5 Nd8 31. Rxc7 1-0

[Event "Autunno Scacchistico Magistrale"]
[Site "Venezia ITA"]
[Date "2006.11.04"]
[Round "2"]
[White "Faccia, Sergio"]
[Black "Pechy, Alaster"]
[Result "0-1"]
[WhiteElo "2023"]
[BlackElo "2176"]
[PlyCount "86"]
[EventDate "2006.11.03"]

1. e4 c5 2. b4 cxb4 3. Bb2 d5 4. exd5 Qxd5 5. c4 bxc3 6. Nxc3 Qd8 7. Nf3 Nf6 8.
d4 e6 9. Bb5+ Bd7 10. Bxd7+ Nbxd7 11. d5 exd5 12. O-O Be7 13. Nxd5 O-O 14.
Nxe7+ Qxe7 15. Re1 Qc5 16. Qb3 Rfe8 17. Bxf6 Nxf6 18. Qxb7 Rab8 19. Rxe8+ Rxe8
20. Qb2 Rc8 21. Rd1 h6 22. h3 Ne4 23. Re1 f5 24. Qd4 g6 25. Qxc5 Rxc5 26. Nh4
Kf7 27. f3 Nc3 28. f4 Nxa2 29. Rd1 Rc1 30. Rxc1 Nxc1 31. Kf2 Nd3+ 32. Ke3 Nxf4
33. g4 Nxh3 34. gxf5 g5 35. Nf3 Kf6 36. Nd4 Nf4 37. Ke4 Nh5 38. Nc6 a6 39. Nb4
a5 40. Nd5+ Kf7 41. Nb6 g4 42. Na4 g3 43. Kf3 Kf6 0-1

[Event "Autunno Scacchistico Magistrale"]
[Site "Venezia ITA"]
[Date "2006.11.04"]
[Round "2"]
[White "Gallo, Enrico"]
[Black "Battistini, Matteo"]
[Result "1-0"]
[WhiteElo "2061"]
[BlackElo "2112"]
[PlyCount "39"]
[EventDate "2006.11.03"]

1. e4 c6 2. d4 d5 3. e5 Bf5 4. Ne2 e6 5. Ng3 Bg6 6. h4 h5 7. Be2 Nd7 8. Nd2 c5
9. c3 cxd4 10. cxd4 Rc8 11. Kf1 Bc2 12. Qe1 g6 13. Nf3 Qb6 14. Kg1 Bh6 15. Bxh6
Nxh6 16. Rc1 O-O 17. Qd2 Ng4 18. Rxc2 Kg7 19. Rxc8 Rxc8 20. Ng5 1-0

[Event "Autunno Scacchistico Magistrale"]
[Site "Venezia ITA"]
[Date "2006.11.04"]
[Round "2"]
[White "Guclu, Yaman"]
[Black "Pfeifer, Andreas"]
[Result "1/2-1/2"]
[WhiteElo "2026"]
[BlackElo "2130"]
[PlyCount "101"]
[EventDate "2006.11.03"]

1. d4 e6 2. c4 Nf6 3. Nf3 b6 4. g3 Bb7 5. Bg2 Bb4+ 6. Bd2 Bxd2+ 7. Nbxd2 O-O 8.
O-O d6 9. Qc2 Nbd7 10. a3 a5 11. b4 axb4 12. axb4 Qe7 13. e3 Rfc8 14. Nh4 Bxg2
15. Kxg2 Qf8 16. Rfb1 Rxa1 17. Rxa1 Ra8 18. Ra4 Qe8 19. Qa2 Rxa4 20. Qxa4 Nb8
21. Qxe8+ Nxe8 22. b5 Nd7 23. Nhf3 g6 24. Ne1 Kg7 25. Nd3 Ndf6 26. Kf3 Kf8 27.
h3 Ke7 28. Ke2 Nd7 29. Nb3 e5 30. Nb4 Nef6 31. Nc6+ Ke8 32. Kd3 exd4 33. Kxd4
Nc5 34. Nxc5 bxc5+ 35. Kd3 Kd7 36. e4 Ke6 37. Nd8+ Ke7 38. Nc6+ Ke6 39. Ke3 Nd7
40. Nd8+ Kf6 41. Nc6 Nb6 42. Kd3 Ke6 43. Na5 f5 44. Ke3 fxe4 45. Kxe4 d5+ 46.
cxd5+ Nxd5 47. Kd3 Nb6 48. Nc4 Kd5 49. Ne3+ Ke5 50. Nc4+ Kd5 51. Ne3+ 1/2-1/2

[Event "Autunno Scacchistico Magistrale"]
[Site "Venezia ITA"]
[Date "2006.11.04"]
[Round "2"]
[White "Laketic, Gojko"]
[Black "Giuriati, Paolo"]
[Result "0-1"]
[WhiteElo "2441"]
[BlackElo "2209"]
[PlyCount "98"]
[EventDate "2006.11.03"]

1. d4 Nf6 2. c4 e6 3. Nf3 d5 4. Bg5 c6 5. Qc2 Nbd7 6. cxd5 exd5 7. Nc3 Bd6 8.
e3 Nf8 9. Bh4 Ng6 10. Bg3 Qe7 11. Bd3 O-O 12. O-O-O Bd7 13. Kb1 Rfe8 14. Ng5
Rac8 15. Bxd6 Qxd6 16. h4 b6 17. h5 Nf8 18. Rh4 c5 19. dxc5 bxc5 20. Bc4 Be6
21. Nge4 Nxe4 22. Rxe4 d4 23. Bb5 Red8 24. exd4 Bf5 25. d5 Rb8 26. g4 Bxe4 27.
Nxe4 Qe5 28. Bc6 Rb4 29. Nxc5 Rxg4 30. Nb7 Rc8 31. f3 Rd4 32. Rc1 Rxd5 33. Qe4
Qxe4+ 34. fxe4 Rxh5 35. Nd6 Rc7 36. Nb5 Re7 37. Nd6 Ne6 38. Bd5 g6 39. Rc8+ Kg7
40. a4 Kf6 41. Rc6 Ke5 42. a5 Rh1+ 43. Ka2 Rf1 44. b4 h5 45. b5 h4 46. b6 axb6
47. axb6 h3 48. Nc4+ Kd4 49. Nd6 h2 0-1

[Event "Autunno Scacchistico Magistrale"]
[Site "Venezia ITA"]
[Date "2006.11.04"]
[Round "2"]
[White "Lavric, Mihail"]
[Black "Rorato, Renzo"]
[Result "1-0"]
[WhiteElo "2012"]
[BlackElo "2100"]
[PlyCount "59"]
[EventDate "2006.11.03"]

1. d4 Nf6 2. c4 c5 3. d5 g6 4. Nc3 d6 5. e4 Bg7 6. Nf3 O-O 7. Be2 e6 8. O-O Re8
9. Qc2 Na6 10. Bg5 h6 11. Bh4 g5 12. Bg3 Nh5 13. Nd2 Nxg3 14. hxg3 Nc7 15. Bd3
Rb8 16. a4 b6 17. Ne2 a6 18. f4 b5 19. axb5 axb5 20. fxg5 bxc4 21. Nxc4 hxg5
22. e5 dxe5 23. Bh7+ Kh8 24. Rxf7 Rf8 25. Raf1 Rxf7 26. Rxf7 exd5 27. Qg6 Ne6
28. Rxg7 Nxg7 29. Nxe5 Rb7 30. Qh6 1-0

[Event "Autunno Scacchistico Magistrale"]
[Site "Venezia ITA"]
[Date "2006.11.04"]
[Round "2"]
[White "Novelli, Cristiano"]
[Black "Redo, Giorgio"]
[Result "0-1"]
[WhiteElo "2117"]
[BlackElo "2048"]
[PlyCount "124"]
[EventDate "2006.11.03"]

1. e4 c5 2. Nc3 Nc6 3. g3 g6 4. Bg2 Bg7 5. d3 d6 6. Be3 e5 7. Qd2 Be6 8. Nge2
Nf6 9. h3 Nd4 10. g4 h5 11. g5 Ng8 12. Nd1 f6 13. h4 Bg4 14. Ng1 fxg5 15. hxg5
Ne7 16. c3 Ndc6 17. f3 Be6 18. Bh3 Qd7 19. Nf2 O-O 20. O-O-O b5 21. Kb1 b4 22.
c4 Bxh3 23. Nfxh3 a5 24. Rf1 b3 25. a3 Nb4 26. Rf2 Nc2 27. Ne2 Nc6 28. Nhg1
N6d4 29. Nc3 Rf7 30. Nd5 Raf8 31. Bxd4 Nxd4 32. Qc3 Kh7 33. Rh3 Qxh3 34. Nxh3
Rxf3 35. Qe1 Rxh3 36. Rxf8 Bxf8 37. Kc1 Nf3 38. Qd1 a4 39. Nc3 Be7 40. Qf1 Nxg5
41. Nxa4 Rg3 42. Nc3 h4 43. Ne2 Rf3 44. Qe1 Nh3 45. Qh1 Bg5+ 46. Kb1 Rxd3 47.
Nc1 Bxc1 48. Kxc1 g5 49. Qg2 Rg3 50. Qe2 Rg1+ 51. Kd2 Nf4 52. Qe3 Rg2+ 53. Kc1
h3 54. Qxb3 Rg1+ 55. Kc2 h2 56. Qb7+ Kh6 57. Qc8 Rg2+ 58. Kb3 Rg3+ 59. Ka2 Ng6
60. a4 h1=Q 61. a5 Qd1 62. Qd7 Qb3+ 0-1

[Event "Autunno Scacchistico Magistrale"]
[Site "Venezia ITA"]
[Date "2006.11.04"]
[Round "2"]
[White "Pomaro, Alberto"]
[Black "Massironi, Marco"]
[Result "1-0"]
[WhiteElo "2057"]
[BlackElo "2193"]
[PlyCount "67"]
[EventDate "2006.11.03"]

1. d4 Nf6 2. c4 g6 3. Nc3 d5 4. Qb3 dxc4 5. Qxc4 Bg7 6. e4 a6 7. Nf3 O-O 8. Bf4
Nc6 9. d5 Nh5 10. dxc6 Nxf4 11. Rd1 b5 12. Qb4 Qe8 13. e5 Bh6 14. Nd4 f6 15.
Qb3+ Qf7 16. Qxf7+ Rxf7 17. g3 fxe5 18. Ndxb5 axb5 19. gxf4 Rxf4 20. Rd8+ Rf8
21. Rxf8+ Kxf8 22. Bxb5 Be6 23. a4 Rd8 24. a5 Bd5 25. O-O Bf3 26. a6 Rd4 27.
Ra1 Rd8 28. a7 Ra8 29. Ra6 e4 30. Nd5 e3 31. Nxc7 e2 32. Bxe2 Rxa7 33. Rxa7
Bxe2 34. Ne6+ 1-0

[Event "Autunno Scacchistico Magistrale"]
[Site "Venezia ITA"]
[Date "2006.11.04"]
[Round "2"]
[White "Rorato, Giovanni Riccardo"]
[Black "Barletta, Mauro"]
[Result "1/2-1/2"]
[WhiteElo "2039"]
[BlackElo "2244"]
[PlyCount "92"]
[EventDate "2006.11.03"]

1. d4 d5 2. c4 e6 3. Nc3 Nf6 4. cxd5 exd5 5. Bg5 Be7 6. e3 Nbd7 7. Qc2 c6 8.
Bd3 Nh5 9. Bxe7 Qxe7 10. Nge2 g6 11. O-O-O Nb6 12. h3 Ng7 13. g4 Bd7 14. Kb1
O-O-O 15. a4 Kb8 16. Qb3 Nc8 17. a5 Nd6 18. Na4 Ne6 19. Nec3 h5 20. Qb4 Rde8
21. Be2 hxg4 22. hxg4 Rxh1 23. Rxh1 Ne4 24. Qxe7 Nxc3+ 25. Nxc3 Rxe7 26. Kc2
Kc7 27. Kd2 Ng5 28. f3 Re8 29. Nd1 Kd6 30. Nf2 b6 31. axb6 axb6 32. Nd3 Ra8 33.
Kc3 c5 34. dxc5+ bxc5 35. Nf2 Re8 36. Kd2 Rb8 37. Kc3 c4 38. Rb1 Rb3+ 39. Kd2
Ba4 40. Nd1 Kc5 41. Nc3 Bc6 42. Bd1 Rb8 43. f4 Ne6 44. b3 d4 45. exd4+ Nxd4 46.
bxc4 Rxb1 1/2-1/2

[Event "Autunno Scacchistico Magistrale"]
[Site "Venezia ITA"]
[Date "2006.11.04"]
[Round "2"]
[White "Rossato, Armando"]
[Black "Velluti, Alberto"]
[Result "1/2-1/2"]
[WhiteElo "2093"]
[BlackElo "2007"]
[PlyCount "112"]
[EventDate "2006.11.03"]

1. e4 c5 2. Nf3 Nc6 3. d4 cxd4 4. Nxd4 e5 5. Nb5 a6 6. Nd6+ Bxd6 7. Qxd6 Qf6 8.
Qd1 Qg6 9. Nc3 Nf6 10. f3 d5 11. Nxd5 Nxd5 12. Qxd5 Be6 13. Qd2 Rd8 14. Qf2 O-O
15. g4 Bxg4 16. Be3 Bh5 17. Rg1 Qe6 18. b3 Nd4 19. Bxd4 Rxd4 20. Bd3 Qc6 21.
O-O-O Qc3 22. Kb1 a5 23. Rg3 b5 24. Qd2 b4 25. Qxc3 bxc3 26. Rdg1 Bg6 27. h4
Rb8 28. h5 Bxh5 29. Rxg7+ Kh8 30. R7g5 Bxf3 31. Rxe5 Rg8 32. Rxg8+ Kxg8 33. Kc1
a4 34. bxa4 Rxa4 35. Rc5 h5 36. Rxc3 Bxe4 37. Bc4 h4 38. Bb3 Ra5 39. Rh3 Rh5
40. Kd2 Kg7 41. Ke3 Bg2 42. Rh2 h3 43. Kf4 Kf6 44. c4 Rf5+ 45. Kg4 Ke5 46. c5
Rf4+ 47. Kg3 f5 48. c6 Rf3+ 49. Kh4 Kd6 50. Bd1 Rf1 51. Bc2 Rf2 52. Bd3 Kxc6
53. Kg5 f4 54. Bf5 Rxa2 55. Kxf4 Rf2+ 56. Kg5 Rxf5+ 1/2-1/2

[Event "Autunno Scacchistico Magistrale"]
[Site "Venezia ITA"]
[Date "2006.11.04"]
[Round "2"]
[White "Vianello, Enrico"]
[Black "Efimov, Igor"]
[Result "1/2-1/2"]
[WhiteElo "2164"]
[BlackElo "2412"]
[PlyCount "157"]
[EventDate "2006.11.03"]

1. d4 e6 2. Nf3 c5 3. c3 Nc6 4. Bf4 Nf6 5. e3 Be7 6. h3 O-O 7. Nbd2 b6 8. Bd3
Bb7 9. O-O cxd4 10. cxd4 d6 11. a3 e5 12. Bg3 g6 13. dxe5 dxe5 14. Bb5 e4 15.
Bxc6 Bxc6 16. Nd4 Bd5 17. Rc1 Rc8 18. Nb1 Qd7 19. Nc3 Bc4 20. Re1 Bd3 21. Qd2
Rc5 22. Nce2 Rfc8 23. b4 R5c7 24. Nf4 b5 25. Nxd3 exd3 26. Ra1 Rc3 27. f3 Nd5
28. Bf2 Nb6 29. Rec1 Rxc1+ 30. Rxc1 Rxc1+ 31. Qxc1 Bf6 32. Qd1 Bxd4 33. exd4
Qf5 34. g4 Qd5 35. Qxd3 Nc4 36. Kg2 f5 37. Bg3 Kf7 38. Kf2 a6 39. Bf4 Nb2 40.
Qd2 Qa2 41. d5 Nd3+ 42. Kg3 Qxd5 43. Qe3 Nxf4 44. Qxf4 Ke6 45. Qc1 Qe5+ 46. Kg2
Kd6 47. Qd2+ Kc6 48. gxf5 Qxf5 49. Qc3+ Kd6 50. Qd4+ Qd5 51. Qf6+ Qe6 52. Qd4+
Kc6 53. Qc5+ Kb7 54. Qd4 Qe7 55. Qd5+ Kc7 56. Qd4 Kc6 57. Qc3+ Kd6 58. Qd3+ Ke6
59. Qe4+ Kf7 60. Qf4+ Kg7 61. Qd4+ Qf6 62. Qe3 h5 63. Qd2 Qe5 64. h4 Qe7 65.
Kg3 Qc7+ 66. Kg2 Qc4 67. Qd7+ Kf6 68. Kg3 Qe6 69. Qd8+ Qe7 70. Qb6+ Qe6 71.
Qd8+ Qe7 72. Qd3 Qe1+ 73. Kh3 Ke7 74. Kg2 Qxh4 75. Qxg6 Kd7 76. Qxa6 Qg5+ 77.
Kf2 Qd2+ 78. Kg3 Qg5+ 79. Kf2 1/2-1/2

[Event "Autunno Scacchistico Magistrale"]
[Site "Venezia ITA"]
[Date "2006.11.04"]
[Round "2"]
[White "Xia, Jie"]
[Black "Genocchio, Daniele"]
[Result "1-0"]
[WhiteElo "2153"]
[BlackElo "2338"]
[PlyCount "87"]
[EventDate "2006.11.03"]

1. e4 e6 2. d4 d5 3. e5 c5 4. c3 Qb6 5. Nf3 Bd7 6. a3 a5 7. a4 Na6 8. Nbd2 Ne7
9. Bd3 Nc6 10. dxc5 Nxc5 11. Bc2 Qa6 12. Nb3 Nxb3 13. Bxb3 Bc5 14. Bc2 h6 15.
Bd3 Qb6 16. O-O Rd8 17. Qe2 O-O 18. Nh4 f5 19. Ng6 Rf7 20. h4 Be8 21. Nf4 Re7
22. h5 Qc7 23. Re1 Ba7 24. b3 Bf7 25. Ba3 Ree8 26. Bb5 d4 27. c4 d3 28. Nxd3
Nd4 29. Qd1 Nxb5 30. axb5 Rd4 31. Bd6 Qd8 32. Qf3 Rg4 33. c5 Qg5 34. Rxa5 Bb8
35. Ra4 Bxh5 36. Qxb7 Re4 37. Rexe4 Bf3 38. Ne1 fxe4 39. Kf1 Bxd6 40. exd6 Rf8
41. Ra8 Bd1 42. Rxf8+ Kxf8 43. Qc8+ Kf7 44. d7 1-0

[Event "Autunno Scacchistico Magistrale"]
[Site "Venezia ITA"]
[Date "2006.11.04"]
[Round "2"]
[White "Zanin, Dario"]
[Black "Omeri, Silvan"]
[Result "1-0"]
[WhiteElo "2059"]
[BlackElo "2103"]
[PlyCount "97"]
[EventDate "2006.11.03"]

1. e4 c5 2. Nf3 d6 3. d4 cxd4 4. Nxd4 Nf6 5. Nc3 e5 6. Nb3 Nc6 7. Be2 Be6 8.
O-O Be7 9. f4 Qb6+ 10. Kh1 O-O 11. f5 Bxb3 12. axb3 h6 13. Qe1 Rfd8 14. Qg3 Kh7
15. Bc4 Rf8 16. Bxh6 gxh6 17. Bxf7 Rxf7 18. Qg6+ Kh8 19. Qxf7 Rg8 20. Nd5 Qd8
21. Nxf6 Bxf6 22. Qxb7 Qc8 23. Qf7 Qf8 24. Qxf8 Rxf8 25. Rfd1 Be7 26. Ra6 Rc8
27. c3 Kg7 28. b4 Rc7 29. Rda1 Kf6 30. g3 h5 31. b5 Nd8 32. Rxa7 Nb7 33. R1a6
Rd7 34. b4 Bd8 35. c4 Ke7 36. Kg2 Kf7 37. Kf3 Ke7 38. g4 hxg4+ 39. Kxg4 Kf7 40.
h4 Ke8 41. c5 dxc5 42. Re6+ Kf8 43. bxc5 Nxc5 44. Rxd7 Nxd7 45. h5 Nf6+ 46.
Rxf6+ Bxf6 47. b6 Bd8 48. b7 Bc7 49. f6 1-0

[Event "Autunno Scacchistico Magistrale"]
[Site "Venezia ITA"]
[Date "2006.11.04"]
[Round "2"]
[White "Zarpellon, Daniel"]
[Black "Cristiani, Cesare"]
[Result "0-1"]
[WhiteElo "1995"]
[BlackElo "2163"]
[PlyCount "74"]
[EventDate "2006.11.03"]

1. Nf3 Nf6 2. d4 g6 3. c4 c5 4. d5 d6 5. Nc3 Bg7 6. h3 O-O 7. e4 e6 8. Bd3 exd5
9. exd5 Re8+ 10. Ne2 Na6 11. O-O Nc7 12. Nc3 a6 13. a4 b6 14. Bg5 h6 15. Be3
Qd7 16. Qd2 Kh7 17. Nh2 Bb7 18. b3 Re7 19. f4 Rxe3 20. Qxe3 Nfxd5 21. Nxd5 Nxd5
22. cxd5 Bd4 23. Qxd4 cxd4 24. f5 Kg7 25. f6+ Kh7 26. Be4 Re8 27. Rfe1 Kg8 28.
Rad1 Qd8 29. Ng4 h5 30. Nh6+ Kf8 31. Rd3 Bxd5 32. Bxd5 Rxe1+ 33. Kf2 Re5 34.
Bxf7 Qxf6+ 35. Rf3 Qxf3+ 36. Kxf3 Kg7 37. Bc4 b5 0-1

[Event "Autunno Scacchistico Magistrale"]
[Site "Venezia ITA"]
[Date "2006.11.04"]
[Round "3"]
[White "Allegranti, Luca"]
[Black "Rossato, Armando"]
[Result "1-0"]
[WhiteElo "2023"]
[BlackElo "2093"]
[PlyCount "87"]
[EventDate "2006.11.03"]

1. d4 d5 2. Nf3 Nf6 3. e3 g6 4. Bd3 c5 5. c3 Nc6 6. Nbd2 cxd4 7. exd4 Bg7 8.
O-O O-O 9. Re1 Re8 10. Nf1 a6 11. Ng3 b5 12. a3 Qc7 13. Bg5 h6 14. Bd2 Kh7 15.
Qc2 e6 16. h4 Ne7 17. h5 Nf5 18. hxg6+ fxg6 19. Ne5 Bd7 20. Ne2 Rg8 21. Nf4
Rae8 22. g4 Ne4 23. Nxd7 Nxd2 24. Qxd2 Qxd7 25. gxf5 gxf5 26. Kf1 Bf6 27. Nh5
Bd8 28. Qf4 Rg5 29. Qf3 Qf7 30. Ng3 h5 31. Ke2 Bc7 32. Rh1 Bxg3 33. fxg3 e5 34.
dxe5 Rxe5+ 35. Kd2 a5 36. g4 b4 37. axb4 axb4 38. Rxh5+ Rxh5 39. gxh5 bxc3+ 40.
bxc3 Qf6 41. Ra7+ Kh8 42. Qg3 Re8 43. Ra6 Qf8 44. Qg5 1-0

[Event "Autunno Scacchistico Magistrale"]
[Site "Venezia ITA"]
[Date "2006.11.04"]
[Round "3"]
[White "Barletta, Mauro"]
[Black "Guclu, Yaman"]
[Result "1-0"]
[WhiteElo "2244"]
[BlackElo "2026"]
[PlyCount "65"]
[EventDate "2006.11.03"]

1. c4 g6 2. e4 d6 3. Nc3 Bg7 4. g3 Nf6 5. Bg2 O-O 6. Nge2 e5 7. d3 Nc6 8. O-O
Be6 9. Nd5 Qd7 10. Bh6 Nxd5 11. Bxg7 Nc3 12. bxc3 Kxg7 13. Rb1 Rab8 14. Qd2 f6
15. f4 Na5 16. Kh1 h5 17. Ng1 b6 18. Nf3 Bf7 19. Rf2 Rbd8 20. Rbf1 Be8 21. Qe3
Nc6 22. d4 Bf7 23. Nd2 Na5 24. fxe5 dxe5 25. d5 Qd6 26. c5 Qxc5 27. Qxc5 bxc5
28. Rxf6 Bg8 29. Ra6 Rxf1+ 30. Bxf1 Nb7 31. Rxa7 Rb8 32. Nc4 Kf6 33. Ra6+ 1-0

[Event "Autunno Scacchistico Magistrale"]
[Site "Venezia ITA"]
[Date "2006.11.04"]
[Round "3"]
[White "Battistini, Matteo"]
[Black "Zarpellon, Daniel"]
[Result "0-1"]
[WhiteElo "2112"]
[BlackElo "1995"]
[PlyCount "68"]
[EventDate "2006.11.03"]

1. c4 Nf6 2. g3 g6 3. Bg2 Bg7 4. Nc3 c6 5. e4 d6 6. Nge2 e5 7. d3 O-O 8. O-O
Na6 9. h3 Nc7 10. f4 Qe7 11. fxe5 dxe5 12. Be3 Rd8 13. Qd2 Be6 14. b3 Qd7 15.
Bg5 Nce8 16. Rf3 Bxh3 17. Raf1 Bxg2 18. Kxg2 Qe6 19. Nc1 Rd7 20. Qf2 Ng4 21.
Qe2 h5 22. Nd1 Bh6 23. Bxh6 Nxh6 24. Ne3 Ng4 25. b4 Nef6 26. Nb3 b6 27. a4
Nxe3+ 28. Qxe3 Ng4 29. Qe2 Qd6 30. c5 Qc7 31. cxb6 Qxb6 32. Nc5 Re7 33. Qa2 Rf8
34. Ne6 Rxe6 0-1